| 000 | 00641cam a2200241 4500 | ||
|---|---|---|---|
| 008 | 090401t1997 xxu||||| |||| 00| 0 eng d | ||
| 020 | _a0860174735 | ||
| 035 | _a(Sirsi) u82165 | ||
| 041 | _aeng | ||
| 050 | _a624.154 | ||
| 100 | _aTurner, M.J. | ||
| 245 | _aIntegrity testing in piling practice. | ||
| 260 |
_aLondon _bCIRIA _c1997 |
||
| 300 | _a336p. : ill. ; 24cm. | ||
| 350 | _a90 | ||
| 490 |
_aCIRIA Report _v144 |
||
| 650 | _aPILE INTEGRITY TESTING | ||
| 650 | _aPILING | ||
| 690 | _aBUILT ENVIRONMENT | ||
| 710 |
_aConstruction Industry Research and Information Association _94810 |
||
| 942 | _n0 | ||
| 948 | _c18/11/1997 | ||
| 999 |
_c96768 _d96768 |
||